Investors Chronicle Hillier Parker rent index (Record no. 91632)

MARC details
000 -LEADER
fixed length control field 00755cam a2200217 4500
001 - CONTROL NUMBER
control field ##B1532
008 - FIXED-LENGTH DATA ELEMENTS--GENERAL INFORMATION
fixed length control field 090401t1979 xxu||||| |||| 00| 0 eng d
035 ## - SYSTEM CONTROL NUMBER
System control number (Sirsi) u45022
041 0# - LANGUAGE CODE
Language code of text/sound track or separate title eng
050 04 - LIBRARY OF CONGRESS CALL NUMBER
Classification number 333.337 $2 18
110 2# - MAIN ENTRY--CORPORATE NAME
Corporate name or jurisdiction name as entry element Investors Chronicle
9 (RLIN) 2657
245 00 - TITLE STATEMENT
Title Investors Chronicle Hillier Parker rent index
Remainder of title the relationship between shop rents and town centre size
260 ## - PUBLICATION, DISTRIBUTION, ETC.
Place of publication, distribution, etc. London
Name of publisher, distributor, etc. Hillier Parker May and Rowden
Date of publication, distribution, etc. 1979
300 ## - PHYSICAL DESCRIPTION
Extent 8p.
Other physical details ill., map
Dimensions 30cm.
490 #0 - SERIES STATEMENT
Series statement Hillier Parker May and Rowden Research Report
Volume/sequential designation (4)
651 #4 - SUBJECT ADDED ENTRY--GEOGRAPHIC NAME
Geographic name United Kingdom
Chronological subdivision
690 ## - LOCAL SUBJECT ADDED ENTRY--TOPICAL TERM (OCLC, RLIN)
Topical term or geographic name as entry element PROPERTY-COMMERCIAL PROPERTY-RETAIL PROPERTY-TOWN CENTRE RETAIL PROPERTY
710 2# - ADDED ENTRY--CORPORATE NAME
Corporate name or jurisdiction name as entry element Hillier Parker May and Rowden
9 (RLIN) 2042
942 ## - ADDED ENTRY ELEMENTS (KOHA)
Suppress in OPAC 0
948 ## - LOCAL PROCESSING INFORMATION (OCLC); SERIES PART DESIGNATOR (RLIN)
c (OCLC) 04/03/1997
Holdings
Withdrawn status Lost status Source of classification or shelving scheme Damaged status Not for loan Home library Current library Shelving location Date acquired Total Checkouts Full call number Barcode Date last seen Copy number Price effective from Koha item type
    Dewey Decimal Classification     London London Property market reports 14/09/1999   LIBRARY ANNEXE 30027283 06/08/2019 1 06/08/2019 Book